Entries in the Elder Scrolls Series - Statistics

General Stats
  • This quiz has been taken 229 times
  • The average score is 7 of 16
Answer Stats
Release Year Order Game % Correct
2011 The Elder Scrolls V: Skyrim
99%
2006 The Elder Scrolls IV: Oblivion
97%
2002 The Elder Scrolls III: Morrowind
92%
2014 The Elder Scrolls: Online
86%
1996 The Elder Scrolls II: Daggerfall
69%
1994 The Elder Scrolls: Arena
67%
1998 The Elder Scrolls: Redguard
39%
2019 The Elder Scrolls: Blades
35%
1997 The Elder Scrolls: Battlespire
27%
After 2022 The Elder Scrolls: VI
24%
2017 The Elder Scrolls: Legends
22%
2004 The Elder Scrolls Travels: Dawnstar
21%
2004 The Elder Scrolls Travels: Shadowkey
19%
2003 The Elder Scrolls Travels: Stormhold
14%
Cancelled The Elder Scrolls: Eye of Argonia
6%
Cancelled The Elder Scrolls: Paradise Sugar
4%
No matching quizzes found
Score Distribution
Percent of People with Each Score
Percentile by Number Answered
Your Score History
You have not taken this quiz